00861nam a2200253Ia 450000500170000000800410001702000150005804100080007308200160008110000340009724500950013125000180022630000470024452100350029165100320032665100460035865100210040470000300042526400290045533600270048433700330051133800280054404000350057220220317001743.0170328s2006 m a g 000 0 s  a9702008352 aspa04a964.8bC11t1 aCabán, JoséAlbertod1973-10aTravesía del desiertocJoséAlberto Cabán ; ilustraciones de Víctor García Bernal a1a. edición a35 páginasbilustraciones a colorc29 cm aRecomendado desde los 9 años 4aSahara OccidentalxHistoria 4aSahara OccidentalvDescripciones y viajes 4aAfricaxHistoria1 aGarcía Bernal, Víctor aMéxicobCastilloc2006 atextobtxt2rdacontent asin mediaciónbn2rdamedia avolumenbnc2rdacarrier aCO-BoRNBPbspaerdacCO-BoRNBP